Sanat - "Alpha Omega" - Cheek - Statistics

Yleistilastot
  • Tätä visaa on pelattu 70 kertaa
  • Keskiarvotulos 166 / 406
Vastaustilastot
Hint Vastaus % Oikein
Alpha
91%
Omega
89%
ku
87%
se
83%
ei
72%
kun
72%
on
72%
tää
70%
mul
65%
en
61%
ja
59%
taas
59%
57%
nälkä
57%
seisoo
57%
edessä
56%
kuka
56%
sun
56%
nopeempi
54%
oo
54%
täält
54%
auki
52%
kuulostaa
52%
mut
52%
niin
52%
parempi
52%
tältä
52%
annan
50%
kaiken
50%
kovempi
50%
vahvempi
50%
enempää
48%
revit
48%
levylle
46%
mies
46%
sattuu
46%
sydämes
46%
saattaa
44%
hävettää
43%
et
41%
pääse
37%
tulee
35%
karkuunkaan
33%
menneisyyttään
33%
tajuuksä
33%
33%
koskaan
31%
muttei
31%
oli
30%
vai
30%
äiti
28%
lautanen
28%
tyhjäks
28%
jos
26%
mun
26%
syömään
26%
verottajaa
26%
arkussa
24%
faija
24%
1. Jee
24%
lyömään
24%
perhe
24%
väkertää
24%
yömyöhään
24%
myöhästä
22%
oon
22%
opetettii
22%
superstara
22%
testamentti
22%
pakoili
20%
poikii
20%
suomalainen
20%
erottajaa
19%
hoitaa
19%
huoramainen
19%
lähettää
19%
mitä
19%
täällä
19%
tarvi
19%
aina
17%
alkuun
17%
kaikki
17%
kusettaja
17%
mis
17%
päätin
17%
aitoo
15%
että
15%
heitellä
15%
läski
15%
mietteissäni
15%
olin
15%
omegaan
15%
palaa
15%
vaik
15%
aikuisen
13%
alphasta
13%
enemmän
13%
hän
13%
joukkueen
13%
oman
13%
taitoo
13%
tehtiin
13%
tekorahaa
13%
tsiigaa
13%
vikaa
13%
asennetta
11%
Eino
11%
ennen
11%
hetkeks
11%
kertaa
11%
köyhyys
11%
Lahden
11%
laulaa
11%
Leino
11%
maajoukkueen
11%
muistaa
11%
must
11%
olis
11%
paidas
11%
pelannu
11%
selostajaa
11%
Tuun
11%
Alusta
9%
kaikkee
9%
kaipaisi
9%
käy
9%
kuvani
9%
läpi
9%
lapsenlapset
9%
leidi
9%
loppuun
9%
ois
9%
ollenkaan
9%
pelottavaa
9%
Selänne
9%
setelistä
9%
tienny
9%
tippuu
9%
upeempana
9%
uutisii
9%
vaiheitaan
9%
vauhdin
9%
antais
7%
antamaan
7%
eteen
7%
fiilis
7%
hyvä
7%
jättää
7%
katse
7%
kova
7%
kuulu
7%
lesottamaan
7%
löytää
7%
luottavainen
7%
melodraamaa
7%
mimmit
7%
niinkuin
7%
olkoon
7%
ollu
7%
paineissaan
7%
raidaan
7%
rehellistä
7%
Rosberg
7%
ruutulippuu
7%
selkeesti
7%
sillon
7%
tärkein
7%
tuuliisii
7%
uran
7%
vuodet
7%
ylös
7%
brutaalin
6%
elossa
6%
fiilaa
6%
jäljen
6%
kerrottavaa
6%
leiman
6%
liikaa
6%
muutki
6%
osaa
6%
pämppää
6%
pantata
6%
riitti
6%
tingi
6%
jota
4%
kovempaa
4%
maineikkaan
4%
monopolyst
4%
peiliin
4%
sisällä
4%
tänään
4%
tasostaan
4%
varma
4%
ennenkun
2%
päiväkirja
2%
tsiigaan
2%
viileen
2%
viimeinen
2%
kokemukista
0%
Ehtoja vastaavia visoja ei löytynyt
Tulosjakauma
Jokaisen tuloksen saaneiden osuus
Persentiili vastausten määrän mukaan
Tuloshistoriasi
Et ole pelannut tätä visaa